| 000 | 00993nam a2200205 a 4500 | ||
|---|---|---|---|
| 001 | 000259554 | ||
| 003 | AM-YeHGA | ||
| 005 | 20260121100146.0 | ||
| 008 | 030908m1926 sy a||||r|||||000|0|arm|d | ||
| 040 | _aAM-YeHGA | ||
| 041 | 0 | _aarm | |
| 100 | 1 |
_aՍյուրմեյան, Արտավազդ _cվարդապետ, _d1889-1951 |
|
| 245 | 1 | 0 |
_aՏաթեւ : _bՏարեգիրք գրակ. եւ արուեստի / _cԱրտաւազդ Վարդապետ. |
| 246 | 3 | 1 |
_aՏաթեւ կրօնական տարեցոյց ։ _bԳրական, բանասիրական, գեղարվեստական |
| 260 |
_aՀալէպ : _bԱրաքս, _c1926- |
||
| 300 | _aտարի | ||
| 505 | 1 | 0 |
_gԲ. տարի (1926, 350 էջ, դիմանկ.) ; _gԳ. տարի (1927, 336 էջ, դիմանկ.) ; _gԴ. տարի (1928, 355 էջ, դիմանկ.) ; _gԵ. տարի (1929, 400 էջ : [2] թ. դիմանկ., նկ.) ; _gԶ. տարի (1930, 384 էջ : [1] թ դիմանկ., նկ.) |
| 650 | 1 | 4 |
_aԺամանակագրություն _95 |
| 942 |
_2udc _cBK |
||
| 999 |
_c93739 _d93739 |
||